[Event "78th ch-ESP 2013"]
[Site "Linares ESP"]
[Date "2013.09.06"]
[Round "9.12"]
[White "Recuero Guerra, David"]
[Black "Nicolas Zapata, Irene"]
[Result "1-0"]
[WhiteElo "2454"]
[BlackElo "2253"]
[PlyCount "69"]
[EventDate "2013.08.29"]

1. e4 c5 2. Nf3 d6 3. d4 cxd4 4. Nxd4 Nf6 5. Nc3 g6 6. Be3 Bg7 7. f3 O-O 8. Qd2
Nc6 9. g4 Be6 10. Nxe6 fxe6 11. O-O-O Ne5 12. Be2 Rc8 13. Nb5 Nc4 14. Bxc4 Rxc4
15. Qd3 Rc8 16. Qb3 Nd7 17. Nxa7 Ra8 18. f4 Kh8 19. h4 Qa5 20. h5 g5 21. h6 Bf6
22. e5 dxe5 23. fxg5 Nc5 24. Qa3 Qxa3 25. bxa3 Rxa7 26. gxf6 b6 27. fxe7 Rxe7
28. Rd6 Rb7 29. Rxb6 Rxb6 30. Bxc5 Rfb8 31. Bxb6 Rxb6 32. Rd1 Kg8 33. Rd7 e4
34. Kd2 Rb2 35. Rg7+ 1-0

[Event "78th ch-ESP 2013"]
[Site "Linares ESP"]
[Date "2013.09.06"]
[Round "9.13"]
[White "Rioboo De Larriva, Alvaro"]
[Black "Espinosa Aranda, Angel"]
[Result "1/2-1/2"]
[WhiteElo "2247"]
[BlackElo "2392"]
[PlyCount "69"]
[EventDate "2013.08.29"]

1. e4 e6 2. d4 d5 3. Nc3 Nf6 4. Bg5 dxe4 5. Nxe4 Nbd7 6. Nf3 Be7 7. Bxf6 Nxf6
8. Nxf6+ Bxf6 9. c3 Bd7 10. Bc4 O-O 11. Qe2 Bc6 12. O-O-O Bd5 13. Kb1 Bxc4 14.
Qxc4 c6 15. Rhe1 Qd5 16. Qb3 Qxb3 17. axb3 Rad8 18. Ne5 Rd5 19. Nd3 Rfd8 20.
Kc2 Be7 21. f4 Kf8 22. h3 a6 23. g4 Bf6 24. Kb1 Ra8 25. Ne5 Rdd8 26. Nd3 Kg8
27. Kc2 Be7 28. b4 g6 29. Ne5 Kf8 30. Rf1 Kg7 31. Nxc6 Rd5 32. Kb3 Rdd8 33. Ra1
Rxd4 34. cxd4 bxc6 35. Kc4 1/2-1/2

[Event "78th ch-ESP 2013"]
[Site "Linares ESP"]
[Date "2013.09.06"]
[Round "9.14"]
[White "Matnadze, Ana"]
[Black "Aranaz Murillo, Amalia"]
[Result "1-0"]
[WhiteElo "2390"]
[BlackElo "2246"]
[PlyCount "69"]
[EventDate "2013.08.29"]

1. d4 Nf6 2. g3 c5 3. c3 cxd4 4. cxd4 d5 5. Bg2 Nc6 6. Nc3 Bf5 7. Nf3 e6 8. O-O
Bd6 9. Nh4 Bg4 10. Be3 O-O 11. f4 Bh5 12. h3 Bg6 13. Nxg6 hxg6 14. Bf2 Rc8 15.
Bf3 Nd7 16. h4 f5 17. Kg2 Nf6 18. Rh1 Be7 19. e3 Na5 20. g4 Nxg4 21. Bxg4 fxg4
22. Qxg4 Rf6 23. h5 Nc4 24. hxg6 Ra8 25. Qd1 Bf8 26. Rf1 Rc8 27. Kg1 Rxf4 28.
Kg2 Na5 29. Rh1 Be7 30. Qg4 Nc4 31. Qh5 Bb4 32. exf4 e5 33. dxe5 Nxe5 34. Nb1
Bf8 35. Qd1 1-0

[Event "78th ch-ESP 2013"]
[Site "Linares ESP"]
[Date "2013.09.06"]
[Round "9.19"]
[White "Santos Ruiz, Miguel"]
[Black "Shen, Yue"]
[Result "1/2-1/2"]
[WhiteElo "2239"]
[BlackElo "2283"]
[PlyCount "65"]
[EventDate "2013.08.29"]

1. e4 c5 2. Nf3 Nc6 3. d4 cxd4 4. Nxd4 g6 5. c4 Bg7 6. Be3 Nf6 7. Nc3 d6 8. Be2
O-O 9. O-O Bd7 10. Qd2 Nxd4 11. Bxd4 Bc6 12. f3 a5 13. b3 Nd7 14. Be3 Nc5 15.
Rab1 Qb6 16. Rfc1 Rfc8 17. Rc2 Qd8 18. Nd5 Bxd5 19. cxd5 Qb6 20. Bxc5 Rxc5 21.
Kh1 Rac8 22. Rbc1 Rxc2 23. Rxc2 Rc5 24. Rxc5 Qxc5 25. Bd1 Qd4 26. Qxd4 Bxd4 27.
g3 g5 28. Kg2 Be3 29. Kf1 Kg7 30. Ke2 Bg1 31. Kf1 Bc5 32. Ke2 Kf6 33. f4
1/2-1/2

[Event "78th ch-ESP 2013"]
[Site "Linares ESP"]
[Date "2013.09.06"]
[Round "9.20"]
[White "Lorente Penalva, Diego"]
[Black "Vega Gutierrez, Sabrina"]
[Result "0-1"]
[WhiteElo "2178"]
[BlackElo "2402"]
[PlyCount "72"]
[EventDate "2013.08.29"]

1. e4 c5 2. Nf3 Nc6 3. d4 cxd4 4. Nxd4 Nf6 5. Nc3 e5 6. Ndb5 d6 7. Bg5 a6 8.
Na3 b5 9. Bxf6 gxf6 10. Nd5 Bg7 11. c3 f5 12. exf5 Bxf5 13. Nc2 O-O 14. Nce3
Be6 15. Bd3 f5 16. Bc2 Kh8 17. Qh5 e4 18. g4 Bf7 19. Qh3 fxg4 20. Qxg4 Ne5 21.
Qxe4 Bg6 22. Qg2 Bxc2 23. Nxc2 Nd3+ 24. Kd1 Nxf2+ 25. Ke2 Qh4 26. Ke1 Qd8 27.
Na3 Kg8 28. Nc2 Kh8 29. Nce3 Nd3+ 30. Kd1 Nf2+ 31. Ke2 Qh4 32. Rhe1 Rae8 33.
Kd2 Qc4 34. Kc1 Qd3 35. Qg3 Bh6 36. Rh1 Ra8 0-1

[Event "78th ch-ESP 2013"]
[Site "Linares ESP"]
[Date "2013.09.06"]
[Round "9.21"]
[White "Larino Nieto, David"]
[Black "Barrenechea Bahamonde, Gustavo"]
[Result "1-0"]
[WhiteElo "2491"]
[BlackElo "2183"]
[PlyCount "58"]
[EventDate "2013.08.29"]

1. e4 g6 2. d4 Bg7 3. Nf3 d5 4. exd5 Qxd5 5. Nc3 Qd8 6. Bc4 Nh6 7. Bxh6 Bxh6 8.
Ne5 O-O 9. h4 Nc6 10. Nxc6 bxc6 11. h5 Bg7 12. hxg6 hxg6 13. Rh4 e5 14. g3 exd4
15. Ne4 Qe7 16. Qf3 Be6 17. Bxe6 Qxe6 18. O-O-O Rab8 19. b3 Rb5 20. Rdh1 Re5
21. Qd3 Re8 22. f3 Qd5 23. Qd2 Qe6 24. Rh7 Rxe4 25. fxe4 Qe5 26. Qd3 Qxe4 27.
Qd1 Qe3+ 28. Kb1 g5 29. Qd2 Ra8 1-0

[Event "78th ch-ESP 2013"]
[Site "Linares ESP"]
[Date "2013.09.06"]
[Round "9.23"]
[White "De Prado Rodriguez, Oscar Bruno"]
[Black "Perera Borrego, Mariela"]
[Result "1/2-1/2"]
[WhiteElo "2251"]
[BlackElo "2062"]
[PlyCount "45"]
[EventDate "2013.08.29"]

1. d4 d6 2. Bf4 g6 3. e3 Bg7 4. h3 Nd7 5. Nf3 Ngf6 6. Be2 O-O 7. O-O c5 8. c3
Rb8 9. a4 cxd4 10. exd4 Nd5 11. Bd2 N7f6 12. c4 Nc7 13. Nc3 Ne6 14. Be3 Bd7 15.
d5 Nc5 16. b4 Nce4 17. Na2 a5 18. c5 axb4 19. cxd6 Bxh3 20. gxh3 exd6 21. a5
Re8 22. Kh2 Rc8 23. Rb1 1/2-1/2

[Event "78th ch-ESP 2013"]
[Site "Linares ESP"]
[Date "2013.09.06"]
[Round "9.24"]
[White "Lopez Mulet, Inigo"]
[Black "Martinez Lopez, David"]
[Result "0-1"]
[WhiteElo "2120"]
[BlackElo "2238"]
[PlyCount "42"]
[EventDate "2013.08.29"]

1. d4 Nf6 2. c4 e6 3. g3 c5 4. d5 exd5 5. cxd5 d6 6. Nc3 g6 7. Bg2 Bg7 8. Nf3
O-O 9. O-O a6 10. a4 Nbd7 11. Bf4 Qe7 12. e4 Nh5 13. Bg5 f6 14. Bc1 Ne5 15. Ne1
f5 16. f4 Ng4 17. e5 dxe5 18. d6 Qd8 19. Be4 fxe4 20. Bd2 exf4 21. gxf4 Bd4+
0-1

[Event "78th ch-ESP 2013"]
[Site "Linares ESP"]
[Date "2013.09.06"]
[Round "9.27"]
[White "Leon Acosta, Miguel"]
[Black "Zamarbide Inarrea, Daniel"]
[Result "1/2-1/2"]
[WhiteElo "2005"]
[BlackElo "2213"]
[PlyCount "57"]
[EventDate "2013.08.29"]

1. b4 d5 2. Bb2 Qd6 3. a3 e5 4. Nf3 f6 5. e3 a5 6. b5 c5 7. c4 d4 8. d3 Be7 9.
Nbd2 f5 10. exd4 exd4 11. Qe2 Nd7 12. O-O-O b6 13. g3 Bb7 14. Bh3 g6 15. Rhe1
O-O-O 16. g4 Rf8 17. Bf1 Nb8 18. Ng1 Qd8 19. Ngf3 Qd6 20. Nb1 Nd7 21. Nbd2 Rd8
22. Bh3 Rf8 23. gxf5 gxf5 24. Qe6 Rf6 25. Rg1 Kc7 26. Rde1 h5 27. Kc2 Bc8 28.
Bf1 Nb8 29. Qxd6+ 1/2-1/2

[Event "78th ch-ESP 2013"]
[Site "Linares ESP"]
[Date "2013.09.06"]
[Round "9.29"]
[White "Arboledas Fernandez, Antonio A"]
[Black "Redondo Benavente, Jose Carlos"]
[Result "1/2-1/2"]
[WhiteElo "2149"]
[BlackElo "1789"]
[PlyCount "79"]
[EventDate "2013.08.29"]

1. d4 Nf6 2. c4 e5 3. d5 Bc5 4. Nc3 d6 5. h3 Nbd7 6. g4 Bb4 7. Bg2 h5 8. g5 Nh7
9. h4 f6 10. e4 fxg5 11. Qxh5+ Kf8 12. hxg5 Nc5 13. g6 Qf6 14. Qf3 Bg4 15.
Qxf6+ gxf6 16. f3 Bd7 17. gxh7 Ke8 18. Bf1 Nxe4 19. Bg2 Kf8 20. fxe4 Kg7 21.
Bf1 Rxh7 22. Rxh7+ Kxh7 23. Be3 Rg8 24. O-O-O f5 25. Rd2 Rg6 26. Rh2+ Kg7 27.
exf5 Bxf5 28. Ne4 Bc8 29. Bc5 Bxc5 30. Nc3 Bb4 31. Rh1 Rg2 32. Bxg2 Bd7 33. Rh2
Bf5 34. Bf1 Bc8 35. Nb1 Bc5 36. Nc3 Bb4 37. Rh1 Bg4 38. Bg2 Bd7 39. Rh2 Bf5 40.
Bf1 1/2-1/2

[Event "78th ch-ESP 2013"]
[Site "Linares ESP"]
[Date "2013.09.06"]
[Round "9.30"]
[White "Juan Delgado, Adrian"]
[Black "Vella Ramirez, Alfonso"]
[Result "0-1"]
[WhiteElo "1865"]
[BlackElo "2087"]
[PlyCount "66"]
[EventDate "2013.08.29"]

1. d4 e6 2. c4 f5 3. g3 Nf6 4. Bg2 Be7 5. Nc3 O-O 6. Nf3 d6 7. O-O Qe8 8. Re1
Ne4 9. Qc2 Qg6 10. e3 Nxc3 11. bxc3 Nc6 12. Ba3 Rf7 13. d5 Ne5 14. Bc1 Bf8 15.
Qd1 Be7 16. Rf1 Rf8 17. Re1 Qe8 18. Qc2 Qg6 19. Ba3 Rf7 20. Nxe5 dxe5 21. Bxe7
Rxe7 22. dxe6 c5 23. Red1 Bxe6 24. Rd6 Qf7 25. Rc6 Rf8 26. Qa4 Ra8 27. Qd1 Bc8
28. Bf1 Qe8 29. Bg2 Qg6 30. Qc2 Rf7 31. Re1 Re7 32. Ra1 Qf7 33. Qa4 Be6 0-1